Actes juridiques - Statistiques

Statistiques générales
  • Ce quiz a été pris 11 fois
  • Le résultat moyen est 4 sur 11
Statistiques - réponses
Indices Réponses % Correct
Rend compte de la volonté d'une personne. Par sa propre volonté, il modifie sa propre situation juridique Acte juridique unilatéral
75%
Actes qui ne produiront leur effets qu'au moment du décès d'une personne. Actes à cause de mort
63%
Celui à l'origine de l'acte ne demande aucune contrepartie pécuniaire Actes gratuits
50%
Accord de la volonté de deux personnes qui vont faire produire des effets de droits à une situation Acte juridique bilatéral
38%
Accord de volonté de plus de deux personnes Acte juridique multilatéral
38%
Implique un avantage pécuniaire pour compenser le sacrifice. Les intéressés recherchent un avantage réciproque Actes à titre onéreux
38%
Effets juridiques se produisent du vivant des parties Actes entre vifs
38%
Porte atteinte ou risque de porter atteinte à la valeur d'un bien considéré comme un capital. Actes de disposition
25%
Créent une situation juridique nouvelle en modifiant la situation antérieur. En droit civil la plupart des actes le sont : Actes constitutifs
13%
Renvoie à une opération normale de mise en valeur d’un patrimoine. Acte de gestion qui permet à quelqu'un de faire fructifier son bien sans en compromettre la valeur capitale. Actes d'administration
13%
Constate l’existence d’une situation juridique déjà née. Actes déclaratifs
13%
Aucun quiz correspondant
Distribution des résultats
% des personnes avec chaque résultat
Percentile par nombre de réponses
Votre historique - résultats
Vous n’avez pas pris ce quiz